Online
Catalog

Le pareti bianche, Scala a San Potito / (Record no. 1212)

MARC details
000 -CABECERA
campo de control de longitud fija 00783nam a2200217 a 4500
001 - NÚMERO DE CONTROL
campo de control 000001269
005 - FECHA Y HORA DE LA ÚLTIMA TRANSACCIÓN
campo de control 20200929145527.0
008 - DATOS DE LONGITUD FIJA--INFORMACIÓN GENERAL
campo de control de longitud fija 840313s1968 it 000 0 ita
040 ## - FUENTE DE LA CATALOGACIÓN
Centro catalogador/agencia de origen DO-SdBNP
Centro/agencia transcriptor CarP
Centro/agencia modificador DLC
082 ## - NÚMERO DE LA CLASIFICACIÓN DECIMAL DEWEY
Número de clasificación 850.91
Número de documento/Ítem I377p
100 1# - ENTRADA PRINCIPAL--NOMBRE DE PERSONA
Nombre de persona Incoronato, Luigi,
Fechas asociadas al nombre 1920-1967.
9 (RLIN) 4309
245 13 - MENCIÓN DE TÍTULO
Título Le pareti bianche, Scala a San Potito /
Mención de responsabilidad, etc. Luigi Incoronato.
260 ## - PUBLICACIÓN, DISTRIBUCIÓN, ETC.
Lugar de publicación, distribución, etc. Milano :
Nombre del editor, distribuidor, etc. A. Mondadori,
Fecha de publicación, distribución, etc. 1968.
300 ## - DESCRIPCIÓN FÍSICA
Extensión 231 p. ;
Dimensiones 19 cm.
490 1# - MENCIÓN DE SERIE
Mención de serie Narratori Italiani
Designación de volumen o secuencia vol. 166
490 1# - MENCIÓN DE SERIE
Mención de serie Nella collezione La Medusa degli Italiani
Designación de volumen o secuencia no. 43
650 #4 - PUNTO DE ACCESO ADICIONAL DE MATERIA--TÉRMINO DE MATERIA
Término de materia o nombre geográfico como elemento de entrada Literatura italiana
Subdivisión cronológica SIGLO XX
9 (RLIN) 4310
740 0# - PUNTO DE ACCESO ADICIONAL--TÍTULO RELACIONADO O ANALÍTICO NO CONTROLADO
Título relacionado o analítico no controlado Scala a San Potito.
830 #0 - PUNTO DE ACCESO ADICIONAL DE SERIE-TÍTULO UNIFORME
Título uniforme Narratori Italiani ;
Designación de volumen o secuencia vol. 166.
Nombre de parte o sección de la obra Nella collezione La Medusa degli Italiani ;
Designación de volumen o secuencia no. 43.
9 (RLIN) 4311
910 ## - DATOS DE OPCIÓN DEL USUARIO (OCLC)
Datos de opción del usuario Catalogación por copia / LC
Holdings
Estado de retiro Estado de pérdida Restricciones de uso No para préstamo Código de colección Localización permanente Ubicación/localización actual Ubicación en estantería Fecha de adquisición Número de inventario Total de préstamos Signatura topográfica completa Código de barras Fecha visto por última vez Precio válido a partir de Tipo de ítem Koha
    Préstamo interno   Monografías: Libros y Folletos General General Depósito 22.09.2009 LF1   850.91 I377p 1269-10 25.06.2020 25.06.2020 Préstamo interno

Powered by Koha